Central Library OPAC University of Rajshahi

Nuclear magnetic resonance spectra and chemical structure / (Record no. 77110)

MARC details
000 -LEADER
fixed length control field 00941nam a2200277 a 4500
001 - CONTROL NUMBER
control field 77110
003 - CONTROL NUMBER IDENTIFIER
rucl marc code BD-RjUL
005 - DATE AND TIME OF LATEST TRANSACTION
control field 20211209082928.0
008 - FIXED-LENGTH DATA ELEMENTS--GENERAL INFORMATION
fixed length control field 200225s1967 nyua b 000 0 eng
035 ## - SYSTEM CONTROL NUMBER
System control number (BD-RjUL)77334
040 ## - CATALOGING SOURCE
Original cataloging agency DLC
Transcribing agency DLC
Modifying agency DLC
-- BD-RjUL
Language of cataloging eng
041 0# - LANGUAGE CODE
Language code of text/sound track or separate title engger
082 00 - DEWEY DECIMAL CLASSIFICATION NUMBER
Edition number 23
Classification number 543.66
Author mark and year NUC 1967
245 10 - TITLE STATEMENT
Title Nuclear magnetic resonance spectra and chemical structure /
Statement of responsibility, etc. compiled by Werner Brügel.
260 ## - PUBLICATION, DISTRIBUTION, ETC. (IMPRINT)
Place of publication, distribution, etc. New York :
Name of publisher, distributor, etc. Academic Press,
Date of publication, distribution, etc. 1967.
300 ## - PHYSICAL DESCRIPTION
Pagination v.:
Illustrations illus.
Size 23 x 35 cm.
500 ## - GENERAL NOTE
General note Added t.p. in German; text in German and English.
504 ## - BIBLIOGRAPHY, ETC. NOTE
Bibliography, etc Bibliography: v. 1, p. 213-219.
505 1# - FORMATTED CONTENTS NOTE
Formatted contents note v. 1. The spectral NMR parameters of compounds with analyzed spectra --
650 #0 - SUBJECT ADDED ENTRY--TOPICAL TERM
Topical term or geographic name as entry element Nuclear magnetic resonance spectroscopy.
9 (RLIN) 239786
Topical term or geographic name as entry element Chemistry, Organic.
9 (RLIN) 239787
700 ## - ADDED ENTRY--PERSONAL NAME
Personal name Brügel, Werner.
942 ## - ADDED ENTRY ELEMENTS (KOHA)
Source of classification or shelving scheme Dewey Decimal Classification
Koha item type Books
Holdings
Lost status Source of classification or shelving scheme Damaged status Not for loan Collection code Permanent Location Current Location Shelving location Date acquired Source of acquisition Cost, normal purchase price Total Checkouts Full call number Date last seen Copy number Koha item type
  Dewey Decimal Classification     Non-fiction Central Library, University of Rajshahi Central Library, University of Rajshahi   09/02/1970 Zeitlinger 333.00   543.66 NUC V-1 1967 25/02/2020 C-2 Books
  Dewey Decimal Classification   Not For Loan Non-fiction Central Library, University of Rajshahi Central Library, University of Rajshahi Reading Room 09/02/1970       543.66 NUC V-1 1967 25/02/2020 C-1 Books